00673nam a2200181 a 450000100100000000500170001000800410002704000250006808200150009310000290010824501270013726000670026430000290033150000420036050400470040270000220044970000200047100001716220200929165034.0100319s1983 dr a 000 0 spa d aDO-SdBNPbspacBNPHU axxxbL865a1 aLora Salcedo, Radhamés10aAtlas de diagramas climáticos de la República Dominicana /cRadhamés Lora Salcedo, Jurgen Czerwenka, Eberhard Bolay. aSanto Domingo :bSecretaría de Estado de Agricultura,c1983. a91 p. :bgraf. ;c29 cm. aIncluye notas al pie de las páginas aIncluye referencias bibliográficas ( 91)1 aCzerwenka, Jurgen1 aBolay, Eberhard